Účtovníctvo : Zbierka príkladov

Guardado en:
Detalles Bibliográficos
Autor principal: Kovalčíková, Antónia (Autor)
Formato: Libro
Lenguaje:eslovaco
Publicado: Bratislava : Iura Edition, 2002
Edición:2. preprac. a dopl. vyd.
Materias:
Acceso en línea:OBSAH
Etiquetas: Agregar Etiqueta
Sin Etiquetas, Sea el primero en etiquetar este registro!

MARC

LEADER 00000nam a22000003a 4500
001 stu77965
005 20150617225642.3
008 021114s2002----xo------------------slo-d
020 |a 80-89047-29-7 
040 |a STU  |b slo 
041 0 |a slo 
044 |a xo 
080 |a 657(075.8) 
100 1 |a Kovalčíková, Antónia  |4 aut 
245 1 |a Účtovníctvo :  |b Zbierka príkladov 
250 |a 2. preprac. a dopl. vyd. 
260 |a Bratislava :  |b Iura Edition,  |c 2002 
300 |a 198 s 
650 7 |a účtovníctvo  |2 stusub 
856 4 |a https://sweb.mtf.stuba.sk/obsahy/Uctovnictvo_zbierka_prikladov_b_02  |u https://sweb.mtf.stuba.sk/obsahy/Uctovnictvo_zbierka_prikladov_b_02  |3 OBSAH 
996 |b 284M050780  |c M*10966-1  |l MMKN  |s A  |a 24  |w stu77965_0001 
996 |b 284M050781  |c M*10966-2  |l MMKN  |s A  |a 24  |w stu77965_0002